Ballon d'Or - classement 1999 - Statistiques

Statistiques générales
  • Ce quiz a été pris 61 fois
  • Le résultat moyen est 14 sur 31
Statistiques - réponses
Poste Club Nationalité Rang Réponse % Correct
Attaquant Milan AC Ukraine 3 Andriy Shevchenko
92%
Attaquant FC Barcelone Brésil 1 Rivaldo
92%
Milieu Manchester United Angleterre 2 David Beckham
81%
Attaquant Real Madrid Espagne 9 Raúl
77%
Milieu Juventus France 20 Zinédine Zidane
77%
Milieu FC Barcelone Portugal 5 Luís Figo
74%
Milieu Manchester United Irlande 6 Roy Keane
74%
Attaquant Inter Milan Brésil 23 Ronaldo
70%
Milieu Manchester United Pays de Galles 21 Ryan Giggs
70%
Attaquant Fiorentina Argentine 4 Gabriel Batistuta
68%
Milieu Lazio Rome Argentine 8 Juan Sebastián Verón
64%
Milieu Lazio Rome République Tchèque 15 Pavel Nedvěd
62%
Gardien Sporting Lisbonne Danemark 17 Peter Schmeichel
62%
Milieu Juventus Pays Bas 26 Edgar Davids
55%
Défenseur Real Madrid Brésil 26 Roberto Carlos
55%
Défenseur Manchester United Pays Bas 12 Jaap Stam
51%
Attaquant Parme Argentine 23 Hernán Crespo
45%
Milieu Bayern Munich Allemagne 10 Lothar Matthäus
38%
Milieu Tottenham France 26 David Ginola
36%
Attaquant Arsenal Nigeria 23 Nwankwo Kanu
34%
Attaquant Manchester United Trinité et Tobago 11 Dwight Yorke
30%
Attaquant Porto Brésil 16 Mário Jardel
26%
Attaquant Manchester United Angleterre 26 Andy Cole
25%
Attaquant Inter Milan Italie 7 Christian Vieri
23%
Attaquant Milan AC Allemagne 19 Oliver Bierhoff
21%
Attaquant Lazio Rome Chili 26 Marcelo Salas
15%
Milieu Bayern Munich Allemagne 18 Stefan Effenberg
11%
Défenseur Lazio Rome Yougoslavie 13 Siniša Mihajlović
6%
Attaquant Valence CF Argentine 26 Claudio López
4%
Milieu Olympiakos Slovénie 14 Zlatko Zahovič
4%
Milieu Kaiserslautern Allemagne 21 Mario Basler
0%
Aucun quiz correspondant
Distribution des résultats
% des personnes avec chaque résultat
Percentile par nombre de réponses
Votre historique - résultats
Vous n’avez pas pris ce quiz